000 00469nam a22001217a 4500
082 _a220PRO
100 _aHamza Sajid. Muhammad Talha Rafique. Muhammad Fazeel. Muhammad Ajmal Khan
_973318
245 _aPR-SOF-1967-Semi-Autonomous Control for VTAMP UGV
260 _aISLAMABAD
_bNUST COLLEGE OF EME
_c2020
650 _aDE-MTS-38
700 _aProject Supervisor's Dr Javaid Iqbal. Dr Nasir Rashid. Lec Muneeb Masood Raja. Lec Muhammad Umar Masood
_973319
942 _cCF
999 _c579097
_d579097